[Event "6. OPEN International Ch of Vojvodina 20"]
[Site "Novi Sad"]
[Date "2015.07.26"]
[Round "4.1"]
[White "Nestorovic, Lazar"]
[Black "Atalik, Suat"]
[Result "1/2-1/2"]
[WhiteElo "2337"]
[BlackElo "2564"]
[PlyCount "80"]
[EventDate "2015.07.25"]

1. e4 e5 2. Nf3 Nc6 3. d4 exd4 4. Nxd4 Bc5 5. Nb3 Bb6 6. Qe2 d6 7. Nc3 Be6 8.
Be3 Qf6 9. O-O-O O-O-O 10. Kb1 Kb8 11. f4 Nge7 12. Bxb6 axb6 13. g3 h5 14. Bg2
Bg4 15. Bf3 Bxf3 16. Qxf3 h4 17. Nb5 g5 18. Rhf1 hxg3 19. hxg3 gxf4 20. gxf4
Qe6 21. N3d4 Nxd4 22. Nxd4 Qc4 23. Qb3 Qxb3 24. axb3 Rh4 25. Ne2 Kc8 26. e5
dxe5 27. Rxd8+ Kxd8 28. fxe5 Ke8 29. Nf4 c6 30. Kc1 b5 31. Kd2 Nd5 32. Nxd5
Rd4+ 33. Ke3 Rxd5 34. Rf5 b4 35. c3 Ke7 36. Ke2 bxc3 37. bxc3 c5 38. c4 Rd4 39.
e6 Re4+ 40. Kd3 Rxe6 1/2-1/2

[Event "6. OPEN International Ch of Vojvodina 20"]
[Site "Novi Sad"]
[Date "2015.07.26"]
[Round "4.2"]
[White "Kadric, Denis"]
[Black "Mikheev, Stanislav"]
[Result "1-0"]
[WhiteElo "2511"]
[BlackElo "2303"]
[PlyCount "81"]
[EventDate "2015.07.25"]

1. e4 e6 2. d4 d5 3. Nd2 Nf6 4. e5 Nfd7 5. f4 c5 6. c3 Nc6 7. Ndf3 cxd4 8. cxd4
Qb6 9. a3 Be7 10. h4 f5 11. h5 Ndb8 12. Bd3 Bd7 13. Ne2 a6 14. Kf2 Nd8 15. Rg1
Nf7 16. g4 O-O 17. gxf5 exf5 18. Nc3 Be6 19. b4 Qd8 20. Na4 b6 21. Bd2 Qc7 22.
Rc1 Qb7 23. Rc3 Nh6 24. Qc2 Ra7 25. Ke2 Bd8 26. Ng5 Bd7 27. Rc1 Re8 28. Be3 g6
29. Rg1 Ng4 30. hxg6 hxg6 31. Rxg4 fxg4 32. Bxg6 Rf8 33. Nh7 Bb5+ 34. Kd2 Rf7
35. Bxf7+ Qxf7 36. Rc8 Nc6 37. Nf6+ Kf8 38. Nc3 Qe6 39. Nxb5 Qxc8 40. Nxa7 Nxa7
41. Qh7 1-0

[Event "6. OPEN International Ch of Vojvodina 20"]
[Site "Novi Sad"]
[Date "2015.07.26"]
[Round "4.4"]
[White "Marholev, Dimitar"]
[Black "Saric, Sinisa"]
[Result "1/2-1/2"]
[WhiteElo "2317"]
[BlackElo "2420"]
[PlyCount "40"]
[EventDate "2015.07.25"]

1. Nf3 Nf6 2. c4 g6 3. Nc3 Bg7 4. e4 d6 5. d4 O-O 6. h3 Na6 7. Be3 e5 8. dxe5
dxe5 9. c5 b6 10. cxb6 axb6 11. Qxd8 Rxd8 12. Bc4 b5 13. Bxb5 Bb7 14. Bc4 Nb4
15. Nxe5 Nc2+ 16. Ke2 Nxa1 17. Nxf7 Rdb8 18. Ng5+ Kh8 19. Nf7+ Kg8 20. Ng5+ Kh8
1/2-1/2

[Event "6. OPEN International Ch of Vojvodina 20"]
[Site "Novi Sad"]
[Date "2015.07.26"]
[Round "4.5"]
[White "Radovanovic, Nikola"]
[Black "Jovicic, Radosav"]
[Result "1/2-1/2"]
[WhiteElo "2420"]
[BlackElo "2207"]
[PlyCount "136"]
[EventDate "2015.07.25"]

1. d4 Nf6 2. c4 g6 3. Nc3 Bg7 4. e4 O-O 5. Be2 d6 6. Bg5 a6 7. Qd2 Qe8 8. f3 c6
9. g4 b5 10. h4 Nbd7 11. h5 b4 12. Nd1 c5 13. d5 e6 14. Nf2 exd5 15. cxd5 Qe7
16. Bh6 Re8 17. Bxg7 Kxg7 18. hxg6 fxg6 19. Qh6+ Kg8 20. O-O-O Nf8 21. Ngh3 Bd7
22. Nf4 Rec8 23. g5 Ne8 24. Bc4 Ra7 25. N4d3 Bb5 26. b3 Bxc4 27. bxc4 Qd7 28.
Nb2 a5 29. Rh4 a4 30. Rf4 Qg7 31. Qxg7+ Kxg7 32. Nbd3 Nd7 33. Ng4 Nb6 34. e5
dxe5 35. Ngxe5 Nd6 36. Rh1 Rac7 37. Nc6 Nf5 38. Nxc5 Rxc6 39. dxc6 Rxc6 40. Nd3
Nxc4 41. Nxb4 Rc8 42. Kb1 Nd2+ 43. Kb2 Nc4+ 44. Ka1 Ne5 45. Re1 Nf7 46. Nd5
Nxg5 47. Rxa4 h5 48. Ra7+ Kh6 49. f4 Nh7 50. Ne7 Rf8 51. Re6 Nxe7 52. Rexe7 Nf6
53. Rf7 Rxf7 54. Rxf7 Nd5 55. f5 h4 56. fxg6 Kxg6 57. Ra7 Nc3 58. Ra3 Nxa2 59.
Kxa2 Kg5 60. Kb2 Kg4 61. Kc3 h3 62. Ra8 Kf3 63. Kd2 h2 64. Rh8 Kg2 65. Ke2 h1=Q
66. Rg8+ Kh3 67. Rh8+ Kg2 68. Rxh1 Kxh1 1/2-1/2

[Event "6. OPEN International Ch of Vojvodina 20"]
[Site "Novi Sad"]
[Date "2015.07.26"]
[Round "4.6"]
[White "Kozhabekov, Adilkhan"]
[Black "Lukovic, Vladimir"]
[Result "0-1"]
[WhiteElo "2161"]
[BlackElo "2417"]
[PlyCount "96"]
[EventDate "2015.07.25"]

1. e4 e5 2. Nf3 Nc6 3. Bb5 a6 4. Ba4 Nf6 5. O-O Be7 6. d3 b5 7. Bb3 d6 8. a3
O-O 9. Nc3 h6 10. Nd5 Be6 11. c3 Re8 12. a4 Qd7 13. Re1 Na5 14. Nxe7+ Qxe7 15.
Bc2 c5 16. d4 Bg4 17. d5 c4 18. h3 Bxf3 19. Qxf3 Nb7 20. g4 Nd7 21. Kg2 Nf8 22.
Qg3 Ng6 23. g5 Nf4+ 24. Bxf4 exf4 25. Qxf4 Qxg5+ 26. Qg4 Qxg4+ 27. hxg4 g5 28.
Ra2 Nc5 29. f3 Kf8 30. axb5 axb5 31. Rea1 Rab8 32. Ra7 b4 33. Ba4 Re7 34. Rxe7
Kxe7 35. Bc6 b3 36. f4 gxf4 37. Kf3 Nd3 38. Ra7+ Kf6 39. e5+ Nxe5+ 40. Kxf4
Nd3+ 41. Ke4 Nxb2 42. Ra1 Nd3 43. Kd4 Ne5 44. Rh1 Kg5 45. Rb1 Kxg4 46. Rg1+ Kf3
47. Ra1 Ke2 48. Rb1 Nf3+ 0-1

[Event "6. OPEN International Ch of Vojvodina 20"]
[Site "Novi Sad"]
[Date "2015.07.26"]
[Round "4.7"]
[White "Nadj Hedjesi, Balind"]
[Black "Bernard, Jacques"]
[Result "1-0"]
[WhiteElo "2410"]
[BlackElo "2227"]
[PlyCount "61"]
[EventDate "2015.07.25"]

1. e4 c5 2. Nf3 e6 3. b3 Nc6 4. Bb2 d6 5. c4 e5 6. Be2 g6 7. O-O Bg7 8. Nc3 f5
9. exf5 Bxf5 10. g3 Nf6 11. Nh4 Bh3 12. Re1 O-O 13. Bf1 Qd7 14. d3 Bxf1 15.
Rxf1 Nd4 16. Ne4 Bh6 17. Bxd4 exd4 18. Nxf6+ Rxf6 19. f4 Re8 20. Qd2 Qg4 21.
Ng2 g5 22. Rae1 Rxe1 23. Qxe1 Re6 24. Qa5 gxf4 25. Qxa7 Qg6 26. Qxb7 fxg3 27.
hxg3 Be3+ 28. Kh2 Qh5+ 29. Nh4 Qe2+ 30. Qg2 Qxd3 31. Qa8+ 1-0

[Event "6. OPEN International Ch of Vojvodina 20"]
[Site "Novi Sad"]
[Date "2015.07.26"]
[Round "4.8"]
[White "Mesaros, Florian"]
[Black "Ovchinnikov, Vsevolod"]
[Result "1/2-1/2"]
[WhiteElo "2390"]
[BlackElo "2231"]
[PlyCount "162"]
[EventDate "2015.07.25"]

1. Nf3 Nf6 2. c4 c5 3. Nc3 e6 4. g3 b6 5. Bg2 Bb7 6. O-O Be7 7. Re1 d6 8. e4 a6
9. d4 cxd4 10. Nxd4 Qc7 11. Qe2 O-O 12. Bd2 Nbd7 13. Rac1 Rac8 14. b3 Qb8 15.
f4 Rfe8 16. Nc2 Qa8 17. h3 Red8 18. Kh2 Bf8 19. g4 g6 20. g5 Ne8 21. Ne3 Bg7
22. Ng4 Nc7 23. Qe3 Re8 24. Nh6+ Bxh6 25. gxh6 e5 26. f5 Rf8 27. Rcd1 Ne8 28.
Bc1 Bc6 29. Ba3 Nc5 30. Nd5 Bxd5 31. Rxd5 a5 32. Qg3 Qb7 33. Qc3 Qe7 34. Qd2
Rc6 35. Bxc5 Rxc5 36. Rxc5 bxc5 37. Rd1 Qd8 38. Kg1 Kh8 39. Qc3 f6 40. Qe3 Qc7
41. Qd2 Rg8 42. Qd5 Qe7 43. Kh2 Qf8 44. Qd2 g5 45. Qxa5 Qxh6 46. Qd2 Qh4 47.
Qe1 Qxe1 48. Rxe1 Rg7 49. Bf3 Ra7 50. Re2 Kg7 51. Rd2 Ra6 52. Kg3 Kf8 53. Kf2
Nc7 54. Ke3 Rb6 55. Kd3 Na6 56. Kc3 Nb8 57. Bh5 Ke7 58. h4 gxh4 59. Rh2 Nc6 60.
Bd1 Kf8 61. Rxh4 Kg7 62. a3 Ra6 63. Kb2 Rb6 64. Rh2 Nd4 65. Rg2+ Kf8 66. Rg3
Rb7 67. Bh5 Rb6 68. Bd1 Rb7 69. Kc3 Rxb3+ 70. Bxb3 Ne2+ 71. Kd3 Nxg3 72. Bd1
Ke7 73. Ke3 Nf1+ 74. Ke2 Ng3+ 75. Kf3 Nh5 76. Ke3 Nf4 77. Kf3 Kd8 78. Bc2 Kc7
79. Kg4 Kb6 80. Bb3 Ka5 81. Bd1 Kb6 1/2-1/2

[Event "6. OPEN International Ch of Vojvodina 20"]
[Site "Novi Sad"]
[Date "2015.07.26"]
[Round "4.9"]
[White "Leskur, Dejan"]
[Black "Bokan, Danko"]
[Result "1-0"]
[WhiteElo "2384"]
[BlackElo "2223"]
[PlyCount "87"]
[EventDate "2015.07.25"]

1. Nf3 Nf6 2. d4 g6 3. Bg5 Bg7 4. Nbd2 d5 5. e3 O-O 6. c3 c6 7. Be2 Nbd7 8. O-O
h6 9. Bh4 g5 10. Bg3 Nh5 11. c4 Nxg3 12. hxg3 dxc4 13. Nxc4 c5 14. Rc1 cxd4 15.
Nxd4 Nb6 16. Na5 Nd5 17. Qd2 Qb6 18. Rfd1 Bxd4 19. Nc4 Bxe3 20. fxe3 Qc7 21.
Qxd5 Qxg3 22. Qe5 Qxe5 23. Nxe5 Be6 24. a3 Rac8 25. Bf3 Rxc1 26. Rxc1 Rc8 27.
Rxc8+ Bxc8 28. Nc4 g4 29. Be2 Kg7 30. Kf2 Kf6 31. Kg3 Kg5 32. Ne5 f5 33. Nf7+
Kg6 34. Bc4 b5 35. Ba2 Bb7 36. Nd8 Be4 37. Ne6 h5 38. Kh4 Kf6 39. g3 Ke5 40.
Ng5 Bd5 41. Bb1 Kf6 42. Kxh5 e5 43. e4 fxe4 44. Nxe4+ 1-0

[Event "6. OPEN International Ch of Vojvodina 20"]
[Site "Novi Sad"]
[Date "2015.07.26"]
[Round "4.10"]
[White "Tisma, Ivan"]
[Black "Martic, Ivan"]
[Result "1/2-1/2"]
[WhiteElo "2206"]
[BlackElo "2383"]
[PlyCount "126"]
[EventDate "2015.07.25"]

1. Nf3 Nf6 2. c4 g6 3. g3 Bg7 4. Bg2 O-O 5. O-O d5 6. cxd5 Nxd5 7. d4 Nb6 8.
Nc3 Nc6 9. d5 Na5 10. Qc2 c6 11. dxc6 Nxc6 12. Rd1 Bd7 13. Bh3 Qc8 14. Bxd7
Nxd7 15. Be3 Nf6 16. Rac1 Qh3 17. Ng5 Qg4 18. h3 Qb4 19. a3 Qa5 20. Qb3 Qa6 21.
Qb5 Qxb5 22. Nxb5 Rfc8 23. Nf3 a6 24. Nc3 b5 25. b4 e6 26. Bc5 Rd8 27. Bb6
Rxd1+ 28. Nxd1 Rc8 29. Ne3 Ne7 30. Rxc8+ Nxc8 31. Bd4 Kf8 32. Kf1 h5 33. Ke1
Ke8 34. Kd1 Ne7 35. Kc2 Nc6 36. Bc3 Ke7 37. Ne1 Bh6 38. Nd1 Ne4 39. Bb2 f5 40.
Nd3 g5 41. e3 g4 42. hxg4 hxg4 43. Nc3 Nd6 44. Nc5 a5 45. bxa5 Nxa5 46. a4 bxa4
47. N3xa4 Nac4 48. Bc3 Nb5 49. Bb4 Kf7 50. Nd3 Bg7 51. Kd1 e5 52. Ke2 e4 53.
Nf4 Be5 54. Nd5 Ke6 55. Ndb6 Nxb6 56. Nxb6 Bc7 57. Na4 Be5 58. Nb6 Bf6 59. Kf1
Bd8 60. Na4 Bc7 61. Ke2 Kd5 62. Nc3+ Nxc3+ 63. Bxc3 Kc4 1/2-1/2

[Event "6. OPEN International Ch of Vojvodina 20"]
[Site "Novi Sad"]
[Date "2015.07.26"]
[Round "4.11"]
[White "Mrkonjic, Nenad"]
[Black "Mihalj, Miroslav M"]
[Result "1/2-1/2"]
[WhiteElo "2380"]
[BlackElo "2216"]
[PlyCount "20"]
[EventDate "2015.07.25"]

1. d4 d5 2. Nf3 Nf6 3. Bg5 e6 4. e3 Be7 5. Be2 h6 6. Bxf6 Bxf6 7. O-O O-O 8.
Nbd2 c5 9. c3 Nc6 10. Qb3 Qb6 1/2-1/2

[Event "6. OPEN International Ch of Vojvodina 20"]
[Site "Novi Sad"]
[Date "2015.07.26"]
[Round "4.12"]
[White "Tsiros, Fragkiskos Vlasios"]
[Black "Cabarkapa, Novak"]
[Result "0-1"]
[WhiteElo "2228"]
[BlackElo "2377"]
[PlyCount "108"]
[EventDate "2015.07.25"]

1. e4 e6 2. d4 d5 3. Nc3 Nf6 4. Bg5 dxe4 5. Nxe4 Be7 6. Bxf6 gxf6 7. Nf3 f5 8.
Nc3 a6 9. g3 b5 10. Bg2 Bb7 11. O-O O-O 12. Ne5 Bxg2 13. Kxg2 b4 14. Qf3 bxc3
15. Qxa8 Qxd4 16. Rfe1 Nd7 17. Nc6 Rxa8 18. Nxd4 cxb2 19. Rab1 Bf6 20. Nc6 a5
21. f4 Ra6 22. Ne5 Bxe5 23. fxe5 Rb6 24. Re3 a4 25. Rc3 Nxe5 26. a3 c6 27. Rc5
f6 28. Kf2 Nf7 29. Ke3 Nd6 30. Kd3 Ne4 31. Rc4 c5 32. Ke3 Kf7 33. g4 Nd6 34.
Rxc5 fxg4 35. Rc7+ Kg6 36. c4 e5 37. Kd3 Rb3+ 38. Kc2 Rxa3 39. Rxb2 Rh3 40. Kb1
a3 41. Rg2 h5 42. c5 Nb5 43. Rc8 Rb3+ 44. Ka2 Rc3 45. Rg8+ Kh7 46. Rc8 Nd4 47.
Rf2 Kg6 48. Rg8+ Kf7 49. Rh8 Nc6 50. Rxf6+ Kxf6 51. Rh6+ Kf5 52. Rxc6 e4 53.
Rc8 e3 54. c6 e2 0-1

[Event "6. OPEN International Ch of Vojvodina 20"]
[Site "Novi Sad"]
[Date "2015.07.26"]
[Round "4.13"]
[White "Costachi, Mihnea"]
[Black "Velikic, Adela"]
[Result "0-1"]
[WhiteElo "2360"]
[BlackElo "2128"]
[PlyCount "172"]
[EventDate "2015.07.25"]

1. d4 d5 2. c4 dxc4 3. Nf3 Nf6 4. e3 e6 5. Bxc4 c5 6. O-O a6 7. Bb3 b5 8. a4 b4
9. Nbd2 Bb7 10. e4 cxd4 11. e5 Nd5 12. Nxd4 Nc6 13. Nxc6 Bxc6 14. Ne4 Qc7 15.
Re1 Be7 16. Nd6+ Bxd6 17. Bxd5 Be7 18. Bxc6+ Qxc6 19. Qg4 Kf8 20. Bg5 Bxg5 21.
Qxg5 h6 22. Qd2 Kg8 23. Qxb4 Kh7 24. Rac1 Rhb8 25. Qf4 Qb7 26. b3 Kg8 27. Rc3
Qd5 28. Rc7 Rf8 29. Qc4 Qa5 30. Qc3 Qxc3 31. Rxc3 Rfd8 32. g3 Rd5 33. Re2 Rad8
34. f4 a5 35. Kf2 Kh7 36. h3 g5 37. Kf3 R8d7 38. Rc4 Kg6 39. Ke4 Rd3 40. Re3
R3d5 41. Rf3 Rd1 42. Re3 R7d5 43. g4 gxf4 44. Kxf4 Rf1+ 45. Kg3 Rg1+ 46. Kh4
Rgd1 47. Rf4 R1d3 48. Rf6+ Kg7 49. Rff3 R3d4 50. Kh5 Rc5 51. g5 hxg5 52. Rg3 f6
53. Rg4 Rd8 54. exf6+ Kxf6 55. Rg2 g4+ 56. Kh4 Rh8+ 57. Kg3 Rxh3+ 58. Kf2 Rc2+
59. Re2 Rxe2+ 60. Kxe2 Kf5 61. Rf2+ Ke4 62. Rf8 e5 63. Rb8 Rh2+ 64. Kf1 Rb2 65.
Rb5 g3 66. Rb8 Kf3 67. Rf8+ Ke3 68. Rg8 g2+ 69. Kg1 e4 70. Rg7 Kd3 71. Rd7+ Kc3
72. Rc7+ Kd3 73. Rd7+ Ke2 74. Kxg2 Rxb3 75. Rd5 Rb4 76. Rxa5 e3 77. Kg3 Rb1 78.
Ra8 Rg1+ 79. Kh2 Ra1 80. Kg2 Kd2 81. Rd8+ Ke1 82. Rd4 e2 83. Rd7 Rxa4 84. Rd8
Ra1 85. Kf3 Kf1 86. Rh8 Ra3+ 0-1

[Event "6. OPEN International Ch of Vojvodina 20"]
[Site "Novi Sad"]
[Date "2015.07.26"]
[Round "4.14"]
[White "Dronjic, Sinisa"]
[Black "Perisic, Radivoj"]
[Result "1-0"]
[WhiteElo "2170"]
[BlackElo "2337"]
[PlyCount "135"]
[EventDate "2015.07.25"]

1. Nf3 Nf6 2. c4 e6 3. g3 d5 4. Bg2 Be7 5. O-O O-O 6. b3 dxc4 7. bxc4 c5 8. Bb2
Nc6 9. d3 a6 10. Nbd2 Qc7 11. Qc2 e5 12. Rfc1 Nd4 13. Qd1 Bf5 14. Nf1 Rad8 15.
Ne3 Bc8 16. Nd2 Be6 17. Ne4 Nxe4 18. Bxe4 Bg5 19. Rcb1 b6 20. a4 h5 21. Bxd4
exd4 22. Nd5 Bxd5 23. Bxd5 h4 24. Qb3 Rd6 25. a5 bxa5 26. Qa2 Bd8 27. Rb7 Qc8
28. Rab1 hxg3 29. hxg3 Bc7 30. Qa3 Rf6 31. Qxc5 Bxg3 32. Qxc8 Bxf2+ 33. Kg2
Rxc8 34. Rf1 Bh4 35. Rxf7 Rxf7 36. Rxf7 Kh7 37. Be4+ Kh6 38. Ra7 Rc5 39. Rxa6+
Bf6 40. Bc6 Kg5 41. Kg3 Rf5 42. Bd5 Be5+ 43. Kg2 Kf4 44. Rxa5 Ke3 45. Bf3 g6
46. Rd5 Rg5+ 47. Kf1 Bf4 48. Rxg5 Bxg5 49. Be4 Be7 50. Bxg6 Kd2 51. Kf2 Bc5 52.
Kf3 Kc3 53. Ke4 Kb4 54. Kd5 Ba7 55. Bh5 Bb6 56. Bf3 Ba7 57. e4 dxe3 58. d4 Kc3
59. c5 Kd3 60. Bd1 Kd2 61. Bg4 Kd3 62. Bc8 e2 63. Ba6+ Ke3 64. Bxe2 Kxe2 65. c6
Bb6 66. Ke6 Kd3 67. d5 Kc4 68. d6 1-0

[Event "6. OPEN International Ch of Vojvodina 20"]
[Site "Novi Sad"]
[Date "2015.07.26"]
[Round "4.15"]
[White "Jevtic, Miroljub"]
[Black "Banas, Jan"]
[Result "0-1"]
[WhiteElo "2057"]
[BlackElo "2279"]
[PlyCount "86"]
[EventDate "2015.07.25"]

1. d4 Nf6 2. Bf4 g6 3. c3 d6 4. Nf3 b6 5. Nbd2 Bb7 6. Qc2 Bg7 7. e4 O-O 8. h4
Nbd7 9. Bg5 h6 10. Bxf6 Bxf6 11. g4 e5 12. Bc4 Bg7 13. O-O-O Qe7 14. Rde1 a6
15. Qd3 b5 16. Bb3 exd4 17. cxd4 c5 18. Bd5 cxd4 19. Nb3 Nc5 20. Nxc5 dxc5 21.
Bxb7 Qxb7 22. e5 c4 23. Qe4 Qxe4 24. Rxe4 d3 25. g5 hxg5 26. hxg5 Rfe8 27. Rhe1
Rad8 28. Nd2 Rd5 29. f4 Bf8 30. R4e3 Bb4 31. Rh1 Bxd2+ 32. Kxd2 Kf8 33. Re4 Ke7
34. e6 fxe6 35. Rh7+ Kd6 36. Rg7 Rh8 37. Rxg6 Rh2+ 38. Kc3 Rc2+ 39. Kb4 Rxb2+
40. Ka5 Kc5 41. a4 Ra2 42. Kxa6 Rxa4+ 43. Kb7 d2 0-1

[Event "6. OPEN International Ch of Vojvodina 20"]
[Site "Novi Sad"]
[Date "2015.07.26"]
[Round "4.16"]
[White "Cica, Dragan"]
[Black "Lajthajm, Borko"]
[Result "0-1"]
[WhiteElo "2151"]
[BlackElo "2443"]
[PlyCount "44"]
[EventDate "2015.07.25"]

1. e4 e5 2. Nf3 Nc6 3. Nc3 Bc5 4. Bb5 Nge7 5. O-O O-O 6. Nxe5 Nxe5 7. d4 Bd6 8.
dxe5 Bxe5 9. f4 Bxc3 10. bxc3 c6 11. Bd3 d5 12. e5 Bf5 13. Ba3 Qb6+ 14. Kh1 c5
15. Bxf5 Nxf5 16. Qxd5 Ne3 17. Qxc5 Rfc8 18. Qd6 Nxf1 19. Rxf1 Rxc3 20. Bb4
Rxc2 21. f5 Qf2 22. Rg1 Qxf5 0-1

[Event "6. OPEN International Ch of Vojvodina 20"]
[Site "Novi Sad"]
[Date "2015.07.26"]
[Round "4.17"]
[White "Drljevic, Ljilja"]
[Black "Rogac, Srdjan"]
[Result "1-0"]
[WhiteElo "2140"]
[BlackElo "2385"]
[PlyCount "197"]
[EventDate "2015.07.25"]

1. e4 c6 2. d3 d5 3. Nd2 e5 4. Ngf3 Bd6 5. d4 exd4 6. exd5 cxd5 7. Bb5+ Nc6 8.
Nxd4 Bd7 9. N2f3 Nge7 10. O-O O-O 11. c3 Bg4 12. Be2 h6 13. h3 Bh5 14. Be3 Qd7
15. Qd2 Bg6 16. Bf4 Rfd8 17. Rad1 Be4 18. Nb5 Bxf4 19. Qxf4 Ng6 20. Qg3 a6 21.
Nbd4 Qd6 22. Qxd6 Rxd6 23. g3 Re8 24. Rd2 Na5 25. Bd3 Rdd8 26. Re1 Kf8 27. Kf1
Nc4 28. Bxc4 dxc4 29. Ne6+ Rxe6 30. Rxd8+ Ke7 31. Rxe4 Kxd8 32. Rxc4 Rf6 33.
Rd4+ Kc7 34. Nd2 Ne5 35. Kg2 Nc6 36. Re4 b5 37. a4 Rd6 38. Nf3 f5 39. Rf4 Rd5
40. h4 g6 41. c4 Rc5 42. cxb5 axb5 43. Nd4 Kb6 44. Nxc6 Kxc6 45. b4 Rd5 46.
axb5+ Kxb5 47. g4 fxg4 48. Rxg4 Rd6 49. Re4 Kc6 50. Kg3 Kd5 51. f3 Rc6 52. Re8
Rb6 53. Rd8+ Ke5 54. Rh8 Kf6 55. Rf8+ Ke5 56. Re8+ Kf5 57. Re4 Rb7 58. Rc4 Kf6
59. Kf4 Rb6 60. Ke3 Ke5 61. Kd3 Rf6 62. Re4+ Kd5 63. f4 Rf5 64. Rd4+ Kc6 65.
Kc4 Rh5 66. Re4 Rxh4 67. b5+ Kc7 68. Kc5 Rh1 69. Rd4 Kc8 70. Rd6 g5 71. f5 g4
72. Rg6 h5 73. Kc6 Rc1+ 74. Kb6 Rf1 75. Rg5 g3 76. Rxg3 Rxf5 77. Rg6 Kd7 78.
Rh6 Ke7 79. Ka6 Rf2 80. b6 Ra2+ 81. Kb7 Kd7 82. Rxh5 Rb2 83. Rd5+ Ke6 84. Rd4
Ke5 85. Rd3 Ke6 86. Ka7 Ra2+ 87. Kb8 Ke7 88. Rd4 Rb2 89. b7 Rh2 90. Rd5 Ke6 91.
Rd3 Ke7 92. Re3+ Kd7 93. Rc3 Ra2 94. Rc4 Rh2 95. Rd4+ Ke7 96. Kc7 Rc2+ 97. Kb6
Rb2+ 98. Kc6 Rc2+ 99. Kb5 1-0

[Event "6.OPEN International Ch of Vojvodina 20"]
[Site "Novi Sad"]
[Date "2015.07.26"]
[Round "4.18"]
[White "Mazet, Julien"]
[Black "Bergez, Luc"]
[Result "1/2-1/2"]
[WhiteElo "2139"]
[BlackElo "2341"]
[PlyCount "99"]
[EventDate "2015.07.25"]

1. e4 e5 2. Nf3 Nc6 3. Bb5 a6 4. Bxc6 dxc6 5. d4 exd4 6. Qxd4 Qxd4 7. Nxd4 c5
8. Ne2 Bd7 9. Nbc3 O-O-O 10. Be3 Bc6 11. O-O Nf6 12. f3 Nd7 13. Rad1 Bd6 14.
Nf4 Ne5 15. Nfd5 Rhe8 16. Bc1 Ng6 17. Ne3 Bd7 18. g3 Ne5 19. Nf5 Bf8 20. Nd5
Bxf5 21. exf5 Nc4 22. Kf2 Re5 23. Ne3 Rxd1 24. Rxd1 Nxe3 25. Bxe3 Rxf5 26. c4
Bd6 27. b3 Re5 28. f4 Re6 29. Rd5 b6 30. Rh5 h6 31. Rd5 Be7 32. Re5 Rxe5 33.
fxe5 Kd7 34. Kf3 Ke6 35. Ke4 h5 36. h3 c6 37. Bd2 Bd8 38. g4 hxg4 39. hxg4 Bh4
40. Bf4 Be1 41. Bh2 g5 42. Bg1 Bg3 43. Be3 Bxe5 44. Bxg5 Bc7 45. Be3 Kf6 46. a4
a5 47. Bd2 Kg6 48. Be3 Bd6 49. Bd2 Bg3 50. Be3 1/2-1/2

[Event "6. OPEN International Ch of Vojvodina 20"]
[Site "Novi Sad"]
[Date "2015.07.26"]
[Round "4.19"]
[White "Maryasin, Boris"]
[Black "Titov, Ivan"]
[Result "1-0"]
[WhiteElo "2332"]
[BlackElo "2172"]
[PlyCount "59"]
[EventDate "2015.07.25"]

1. e4 d5 2. exd5 Nh6 3. d4 g6 4. Bf4 Bg7 5. Nc3 O-O 6. Qd2 Nf5 7. Nf3 c6 8. Bc4
cxd5 9. Bxd5 e6 10. Be4 Qb6 11. O-O-O Nc6 12. Bxf5 exf5 13. Bh6 Na5 14. Nd5 Qb5
15. Bxg7 Kxg7 16. Nc7 Qa4 17. Kb1 Bd7 18. b3 Qa3 19. Nxa8 Rxa8 20. Ne5 Rd8 21.
Qc3 Rc8 22. Qb2 Qd6 23. Nxd7 Qxd7 24. d5+ Kg8 25. Rhe1 Rc5 26. Qf6 Qc8 27. Re7
Qf8 28. Rde1 Rc8 29. Qe5 Rd8 30. Re8 1-0

[Event "6. OPEN International Ch of Vojvodina 20"]
[Site "Novi Sad"]
[Date "2015.07.26"]
[Round "4.20"]
[White "Srdjanov, Stevan"]
[Black "Pantelic, Sasa"]
[Result "0-1"]
[WhiteElo "2123"]
[BlackElo "2324"]
[PlyCount "50"]
[EventDate "2015.07.25"]

1. e4 c5 2. Nf3 d6 3. c3 Nf6 4. d3 Nc6 5. Nbd2 Bg4 6. h3 Bh5 7. Be2 e6 8. O-O
Be7 9. a3 d5 10. b4 O-O 11. Bb2 dxe4 12. dxe4 Bg6 13. Qc2 cxb4 14. axb4 Qc7 15.
b5 Ne5 16. Nxe5 Qxe5 17. f4 Qc5+ 18. Kh1 Qe3 19. Bd3 Qg3 20. Rf3 Qh4 21. e5 Nh5
22. Ra4 Bxd3 23. Qxd3 Rfd8 24. Qe3 Bc5 25. Qxc5 Rxd2 0-1

[Event "6. OPEN International Ch of Vojvodina 20"]
[Site "Novi Sad"]
[Date "2015.07.26"]
[Round "4.21"]
[White "Besedes, Danilo"]
[Black "Navratil, Tomislav"]
[Result "1-0"]
[WhiteElo "2307"]
[BlackElo "2161"]
[PlyCount "61"]
[EventDate "2015.07.25"]

1. b3 e5 2. Bb2 Nc6 3. e3 d6 4. Bb5 Nge7 5. d4 Bd7 6. Nf3 exd4 7. exd4 a6 8.
Be2 Ng6 9. O-O Be7 10. g3 Bf6 11. Nc3 Bf5 12. Nd5 Be4 13. Ne3 h5 14. Nd2 d5 15.
Nxe4 dxe4 16. Bxh5 Bxd4 17. Bxd4 Nxd4 18. c3 Nf4 19. Bg4 c5 20. cxd4 cxd4 21.
Nf5 Ne6 22. Qe2 g6 23. Nh4 Rxh4 24. Bxe6 Rh8 25. Bc4 f5 26. a4 Qf6 27. Rad1 Rd8
28. f3 Qe5 29. fxe4 fxe4 30. Rf4 e3 31. Qg4 1-0

[Event "6. OPEN International Ch of Vojvodina 20"]
[Site "Novi Sad"]
[Date "2015.07.26"]
[Round "4.22"]
[White "Banduka, Zeljko"]
[Black "Nikolovski, Nikola"]
[Result "0-1"]
[WhiteElo "2108"]
[BlackElo "2293"]
[PlyCount "104"]
[EventDate "2015.07.25"]

1. d4 Nf6 2. c3 e6 3. Nf3 c5 4. Bf4 b6 5. e3 Bb7 6. Nbd2 Be7 7. Bd3 d6 8. Qe2
Nbd7 9. h3 O-O 10. a4 cxd4 11. exd4 Nd5 12. Bh2 a6 13. O-O N7f6 14. Ne4 Qd7 15.
Rfd1 Rfc8 16. Nfd2 Nxe4 17. Nxe4 Nf6 18. f3 Rc7 19. c4 a5 20. Kh1 Rcc8 21. Nc3
d5 22. b3 Ba6 23. Nb5 g6 24. Be5 Qd8 25. Rac1 Bxb5 26. cxb5 Qd7 27. Qd2 Ne8 28.
Qh6 Rxc1 29. Rxc1 Rc8 30. Rc6 f6 31. Qc1 Rxc6 32. bxc6 Qc8 33. Bf4 Bd6 34. Bb5
Bxf4 35. Qxf4 Qc7 36. Qe3 Qd6 37. f4 Nc7 38. h4 Kf7 39. g3 Qa3 40. Kg2 Qb2+ 41.
Kf3 Qh2 42. Be2 Ke7 43. Qc1 Kd6 44. Bd3 Qa2 45. Bc2 Ne8 46. g4 Kc7 47. h5 Nd6
48. f5 exf5 49. gxf5 gxh5 50. Kf4 Ne4 51. Bxe4 Qf2+ 52. Bf3 Qh4+ 0-1

[Event "6. OPEN International Ch of Vojvodina 20"]
[Site "Novi Sad"]
[Date "2015.07.26"]
[Round "4.23"]
[White "Leroy, Didier"]
[Black "Gajcin, Marina"]
[Result "1-0"]
[WhiteElo "2290"]
[BlackElo "2149"]
[PlyCount "61"]
[EventDate "2015.07.25"]

1. Nf3 Nf6 2. g3 g6 3. Bg2 Bg7 4. d3 d5 5. Nbd2 O-O 6. O-O c5 7. e4 Nc6 8. Re1
dxe4 9. dxe4 Be6 10. c3 Qb6 11. Qa4 Ng4 12. Nc4 Bxc4 13. Qxc4 Rad8 14. Qb3 Qxb3
15. axb3 b6 16. h3 Nge5 17. Nxe5 Nxe5 18. Rxa7 Nd3 19. Rd1 Nxc1 20. Rxc1 Rd2
21. Rxe7 Rxb2 22. e5 Rd8 23. c4 Bh6 24. Rf1 Rxb3 25. Bd5 Rf8 26. Ra1 b5 27.
cxb5 Rxb5 28. Raa7 c4 29. Bxc4 Rc5 30. Bxf7+ Kh8 31. Bb3 1-0

[Event "6. OPEN International Ch of Vojvodina 20"]
[Site "Novi Sad"]
[Date "2015.07.26"]
[Round "4.24"]
[White "Tancik, Kristijan"]
[Black "Ileana, George"]
[Result "1-0"]
[WhiteElo "2279"]
[BlackElo "2132"]
[PlyCount "119"]
[EventDate "2015.07.25"]

1. d4 Nf6 2. c4 c5 3. d5 e6 4. Nc3 exd5 5. cxd5 Bd6 6. g3 O-O 7. Bg2 Re8 8. Nf3
Bf8 9. O-O d6 10. Nd2 Na6 11. Nc4 Nc7 12. a4 b6 13. e4 Ba6 14. b3 Nd7 15. f4 g6
16. Bb2 Bxc4 17. bxc4 Bg7 18. e5 Na6 19. e6 fxe6 20. dxe6 Nf8 21. Bxa8 Qxa8 22.
Qd5 Nxe6 23. Qxa8 Rxa8 24. Rab1 Bd4+ 25. Kg2 Nb4 26. Nb5 Nc2 27. Rfc1 Ne3+ 28.
Kf3 Nf5 29. Re1 a6 30. Nxd4 Nexd4+ 31. Bxd4 Nxd4+ 32. Kf2 Rb8 33. Re7 b5 34.
axb5 axb5 35. cxb5 Rxb5 36. Rxb5 Nxb5 37. Rb7 Nc3 38. Ke3 Nd5+ 39. Kd3 Nf6 40.
Kc4 Ng4 41. Kd5 Nxh2 42. Kxd6 Nf1 43. g4 Ne3 44. g5 c4 45. Rc7 Nf5+ 46. Ke5 Ne3
47. Ke6 Nf5 48. Rxc4 Ng7+ 49. Ke5 Nh5 50. Rc8+ Kf7 51. Rc7+ Kg8 52. Ra7 Ng7 53.
Ra8+ Kf7 54. Rh8 h5 55. Ra8 Ne8 56. Ra7+ Kf8 57. f5 gxf5 58. Kxf5 Nd6+ 59. Kg6
h4 60. Rh7 1-0

[Event "6. OPEN International Ch of Vojvodina 20"]
[Site "Novi Sad"]
[Date "2015.07.26"]
[Round "4.25"]
[White "Desnica, Vladan"]
[Black "Lukajic, Bojan"]
[Result "1/2-1/2"]
[WhiteElo "2253"]
[BlackElo "2142"]
[PlyCount "57"]
[EventDate "2015.07.25"]

1. d4 Nf6 2. c4 g6 3. Nc3 Bg7 4. e4 d6 5. Nf3 O-O 6. Be2 e5 7. O-O Nc6 8. d5
Ne7 9. a4 Nd7 10. a5 h6 11. b4 f5 12. Nd2 Nf6 13. f3 f4 14. c5 g5 15. Nc4 h5
16. Ba3 g4 17. b5 g3 18. cxd6 gxh2+ 19. Kxh2 cxd6 20. Nxd6 Ng6 21. Qb3 Ng4+ 22.
fxg4 Qh4+ 23. Kg1 hxg4 24. Bxg4 Bxg4 25. Nf5 Rxf5 26. exf5 Bxf5 27. d6+ Kh7 28.
Rad1 e4 29. Qd5 1/2-1/2